| 000 | 00550nam a22001937a 4500 | ||
|---|---|---|---|
| 003 | OSt | ||
| 005 | 20160317152022.0 | ||
| 008 | 160317b xxu||||| |||| 00| 0 eng d | ||
| 020 | _a0876391358 | ||
| 040 |
_aKabu _cKabu |
||
| 050 |
_aML3790 _b.F43 2013 |
||
| 100 | _aFeist Jonathan | ||
| 245 |
_aProject Management For Musicians _cby Jonathan Feist |
||
| 260 |
_aUSA _bBerklee press _c2013 |
||
| 300 | _axiv,406p. | ||
| 610 |
_2Music trade _xVocational guidance |
||
| 610 |
_aProject Management _xHandbooks |
||
| 942 |
_2lcc _cBK _kML3790.F432013 C.1 |
||
| 999 |
_c15823 _d15823 |
||